| 000 -LEADER |
| fixed length control field |
01378nam a22001937a 4500 |
| 003 - CONTROL NUMBER IDENTIFIER |
| control field |
OSt |
| 005 - DATE AND TIME OF LATEST TRANSACTION |
| control field |
20190625095952.0 |
| 008 - FIXED-LENGTH DATA ELEMENTS--GENERAL INFORMATION |
| fixed length control field |
180412b xxu||||| |||| 00| 0 spa d |
| 020 ## - INTERNATIONAL STANDARD BOOK NUMBER |
| International Standard Book Number |
8471307030 |
| 040 ## - CATALOGING SOURCE |
| Transcribing agency |
PJ |
| 100 ## - ASIENTO PRINCIPAL - NOMBRE DE PERSONA |
| 9 (RLIN) |
505 |
| Personal name |
Wiethölter, Rudolf |
| 245 13 - MENCIÓN DE TÍTULO |
| Título propiamente dicho |
Las fórmulas mágicas de la ciencia jurídica / |
| Mención de responsabilidad, etc |
Rudolf Wiethölter. |
| 260 ## - PUBLICATION, DISTRIBUTION, ETC. (IMPRINT) |
| Place of publication, distribution, etc |
Madrid : |
| Name of publisher, distributor, etc |
Revista de Derecho Privado, |
| Date of publication, distribution, etc |
1991. |
| 300 ## - DESCRIPCION FISICA |
| Extent |
255 p. |
| Dimensions |
21 cm. |
| 490 ## - MENCION DE SERIE |
| Mención de Serie |
Monografías |
| 505 ## - FORMATTED CONTENTS NOTE |
| Formatted contents note |
I. Ruptura del encantamiento del mundo del derecho -- II. El malestar hacia el derecho -- III. Los derechos naturales como formulas de redención y alibis político -- IV. La imagen del hombre en el derecho -- V. De la separación de estado y sociedad civil a la unidad de derecho y política -- VI. De la autonomía privada a la "autonomía administrada" -- VII. Del matrimonio como institución al matrimonio como contrato -- VIII. Del derecho hereditario familiar a la libertad de testar -- IX. De la economía privada de mercado a la "cooperación " de política y economía -- X. De la "cogestión" al problema de un "nuevo pacto social" -- XI. La relación de trabajo entre creación jurisprudencial y autonomia colectiva -- XII. Los conflictos de trabajo de insittución del merco a instrumento de participacion politia |
| 650 #0 - ASIENTO SECUNDARIO DE MATERIA - TERMINO TEMATICO |
| 9 (RLIN) |
209 |
| Topical term or geographic name as entry element |
DERECHO EN GENERAL |
| 942 ## - ADDED ENTRY ELEMENTS (KOHA) |
| Source of classification or shelving scheme |
|
| Koha item type |
Libros |
| Classification part |
340.11 |
| Item part |
WIE |